Η εξέλιξις των οικονομικών δοξασιών εις τας εν μεσογείω χώρας της ευρωπαϊκής οικονομικής κοινότητος κατά τον 20όν αιώνα : διερευνητική θεώρησις των οικονομικών δοξασιών εν Ελλάδι, Ιταλία, Γαλλία και Ισπανία κατά τον 20όν αιώνα

Αποθηκεύτηκε σε:
Λεπτομέρειες βιβλιογραφικής εγγραφής
Κύριος συγγραφέας: Χουμανίδης, Λάζαρος Θ. 1921-
Μορφή: Βιβλίο
Γλώσσα:Greek
Δημοσίευση: Αθήναι : [χ.ό.], 1987
Θέματα:
Ετικέτες: Προσθήκη ετικέτας
Δεν υπάρχουν, Καταχωρήστε ετικέτα πρώτοι!

MARC

LEADER 00000cam a2200000 i 4500
001 1/5396
008 000603s1987 gr | ||| |||| ||gre||
035 |l 10061568 
040 |a GR-MY-UA  |b gre  |e aacr 
041 0 |a gre 
082 0 |a 330.91822 
100 1 |a Χουμανίδης, Λάζαρος Θ.  |d 1921- 
245 1 2 |a Η εξέλιξις των οικονομικών δοξασιών εις τας εν μεσογείω χώρας της ευρωπαϊκής οικονομικής κοινότητος κατά τον 20όν αιώνα :  |b διερευνητική θεώρησις των οικονομικών δοξασιών εν Ελλάδι, Ιταλία, Γαλλία και Ισπανία κατά τον 20όν αιώνα /  |c Λ. Θ. Χουμανίδη 
260 |a Αθήναι :   |b [χ.ό.],   |c 1987 
300 |a 182 σ. 
504 |a Περιέχει βιβλιογραφία 
650 0 0 |a Economics. 
651 0 |a Mediterranean Region  |x Economic conditions. 
651 0 |a Mediterranean Region  |x Economic policy. 
852 |a INST  |b LESVOS  |e 20000603  |h 330.91822 XOY  |p 005100020584  |q 005100020584  |t BK  |y 0 
901 |a BIBL1-2000-2 
909 |a Λ  |b 077225 
970 |z 2000/06/ΓΕΩΡΓΙΑ